000 00330nam a2200133Ia 4500
008 220216s9999 xx 000 0 und d
100 _aBrombach Frank
245 0 _aGlobal trends in demand for butyl rubber
260 _bRubber Asia
_c2006
300 _a49-51
650 _aButyl rubber
650 _aGlobal trends
942 _cJS
999 _c59981
_d59981